Normal view MARC view
  • Protectionism

Entry Topical Term

Number of records used in: 1

001 - CONTROL NUMBER

  • control field: 129880

003 - CONTROL NUMBER IDENTIFIER

  • control field: NUST

005 - DATE AND TIME OF LATEST TRANSACTION

  • control field: 20250717091643.0

008 - FIXED-LENGTH DATA ELEMENTS

  • fixed length control field: 250717|| aca||aabn | a|a d

040 ## - CATALOGING SOURCE

  • Original cataloging agency: NUST
  • Transcribing agency: NUST

150 ## - HEADING--TOPICAL TERM

  • Topical term or geographic name entry element: Protectionism

670 ## - SOURCE DATA FOUND

  • Source citation: Work cat.: (NUST)0: Corden, W. M. (Warner Max) 129879, Trade policy and economic welfare /, 1974.
© 2023 Central Library, National University of Sciences and Technology. All Rights Reserved.